|
|
|
|
| LEADER |
00000nam0a2200000 4500 |
| 001 |
144472 |
| 005 |
20231101221110.0 |
| 020 |
|
|
|a RU
|b 84-68097
|
| 035 |
|
|
|a (RuTPU)RU\TPU\book\156566
|
| 090 |
|
|
|a 144472
|
| 100 |
|
|
|a 20081003d1984 m y0rusy5003 ca
|
| 101 |
0 |
|
|a rus
|
| 102 |
|
|
|a RU
|
| 105 |
|
|
|a a z 000ay
|
| 200 |
1 |
|
|a Тонкомер
|e повести
|f Б. А. Можаев
|g худож. В. Лапин
|
| 210 |
|
|
|a Москва
|c Современник
|d 1984
|
| 215 |
|
|
|a 460 с.
|c ил.
|d 20 см
|
| 225 |
1 |
|
|a Новинки "Современника"
|
| 330 |
|
|
|a В книгу талантливого русского писателя вошли картины жизни многосложной, полной драматизма, где люди борются с несправедливостью не жалея ни сил, ни нервов, ни самой судьбы своей.
|
| 610 |
1 |
|
|a советская литература
|
| 610 |
1 |
|
|a повести
|
| 675 |
|
|
|a Р2
|z rus
|
| 700 |
|
1 |
|a Можаев
|b Б. А.
|c русский писатель
|c поэт
|c драматург
|f 1923-1996
|g Борис Андреевич
|2 stltpush
|3 (RuTPU)RU\TPU\pers\10128
|9 2177
|
| 702 |
|
1 |
|a Лапин
|b В.
|4 440
|
| 801 |
|
0 |
|a RU
|b RuMRKP
|c 19950704
|g psbo
|
| 801 |
|
1 |
|a RU
|b 63413507
|c 20081003
|g PSBO
|
| 801 |
|
2 |
|a RU
|b 63413507
|c 20180518
|g PSBO
|
| 942 |
|
|
|c BK
|